|
|
|
|
| LEADER |
01269nam a22002777a 4500 |
| 001 |
30854 |
| 003 |
BD-DhAAL |
| 005 |
20240827105138.0 |
| 008 |
160208s2011 bg a|||| |||| 00| 0 eng d |
| 040 |
|
|
|a BD-DhAAL
|c BD-DhAAL
|
| 082 |
|
|
|2 22
|a 362.1095492
|
| 245 |
|
|
|a Research reports.
|p (2011) :
|b health studies,
|c Volume XLIII.
|
| 264 |
|
|
|a Dhaka :
|b Research and Evaluation Division, BRAC Centre,
|c 2011.
|
| 300 |
|
|
|a 360 pages :
|b illustrations ;
|c 30 cm.
|
| 362 |
|
|
|a Vol. 43
|
| 504 |
|
|
|a Includes bibliographical references (p. 259-260)
|
| 541 |
|
|
|a Complimentary copy from BRAC
|e 30854, 42965
|
| 610 |
|
|
|a BRAC.
|9 14405
|
| 650 |
|
|
|a Public health
|z Bangladesh.
|
| 650 |
|
|
|a Rural Development
|z Bangladesh
|9 14406
|
| 710 |
|
|
|a BRAC.
|b Research and Evaluation Division.
|9 14405
|
| 852 |
|
|
|a Ayesha Abed Library
|c BRAC Resource Section
|
| 942 |
|
|
|2 ddc
|c BK
|
| 999 |
|
|
|c 36809
|d 36809
|
| 952 |
|
|
|0 0
|1 0
|2 ddc
|4 0
|6 362_109549200000000_RES
|7 1
|8 RPT
|9 57932
|a BRACUL
|b BRACUL
|c GEN
|d 2024-08-25
|e Jaatri
|l 0
|o 362.1095492 RES
|p 3010030854
|r 2016-02-08
|t 1
|w 2016-02-08
|y BK
|
| 952 |
|
|
|0 0
|1 0
|2 ddc
|4 0
|6 362_109549200000000_RES
|7 1
|8 RPT
|9 76053
|a BRACUL
|b BRACUL
|c GEN
|d 2024-08-27
|e Complementary copy from BRAC
|l 0
|o 362.1095492 RES
|p 3010042965
|r 2024-08-27
|t 2
|w 2024-08-27
|y BK
|x Complementary copy from BRAC
|